000 00500nam a22001817a 4500
003 CEME
005 20210628202525.0
008 210122b xxu||||| |||| 00| 0 eng d
020 _a0-8493-6358-6
040 _c.
082 _a621.3 MEC
100 _aBishop, Robert .H
_960326
245 _aMechatronics an introduction
260 _aNEW YORK
_bTAYLOR AND FRANCIS
_c2005
300 _aXIV,340 P
650 _aMECHATRONICS.MEMS.ELECTROMECHANICAL SYSTEMS.NANOTECHNOLOGY.
_960327
942 _cBK
_2ddc
999 _c570080
_d570080